| 000 | 00334nam a22001457a 4500 | ||
|---|---|---|---|
| 999 |
_c144438 _d144438 |
||
| 082 |
_aM1 _bADI/M |
||
| 100 | _aAdithyan | ||
| 245 |
_aMaravikkalathe ormakal/ _cby Adithyan |
||
| 260 |
_a _bAdithyan _c2019. |
||
| 300 | _a64p. | ||
| 650 | _aPoetry Malayalam | ||
| 650 | _aLiterature Malayalam | ||
| 650 | _aLiterature | ||
| 942 | _cBK | ||